| 000 | 01011 a2200265 4500 | ||
|---|---|---|---|
| 003 | OSt | ||
| 005 | 20180116192400.0 | ||
| 008 | 120702t xxu||||| |||| 00| 0 eng d | ||
| 010 | _a 2006531005 | ||
| 020 | _a0714845485 | ||
| 020 | _a9780714845487 | ||
| 035 | _a(OCoLC)ocm64026147 | ||
| 040 | _c0 | ||
| 082 | _a759.13 | ||
| 100 | 1 |
_aMarshall, Richard, _95136 |
|
| 245 | 1 | 0 |
_aEd Ruscha / _cRichard D. Marshall. |
| 260 |
_aLondon ; _aNew York : _bPhaidon, _c2005, c2003. |
||
| 300 |
_a271 p. : _bill. (some col.) ; _c29 cm. |
||
| 505 | 0 | _aSixties pop -- Books and photographs -- Single words -- Bouncing objects, floating things -- Thoughts and phrases -- Landscapes and skies -- Lights, shadows, silhouettes -- Metro plots and mountains. | |
| 600 | 1 | 0 |
_aRuscha, Edward _xThemes, motives. _95137 |
| 600 | 1 | 0 |
_aRuscha, Edward _xCriticism and interpretation _95138 |
| 700 | 1 |
_aRuscha, Edward. _95139 |
|
| 942 |
_aSADA _cBK _k759.13 MAR 2005 _2ddc |
||
| 999 |
_c353290 _d353290 |
||